000 00825ngm a2200253 a 4500
005 20220316235753.0
008 121119s2000 ck --- g s00 vuspa
020 _a958080303X
041 0 _aspa
082 0 4 _a741.5
_bB43C1
100 1 _aBlitz, Bruce
245 1 0 _aCómo hacer caricaturas, 1
_hvideograbación
_cescritores, Bruce Blitz y Judy Pansullo
250 _aPrimera edición
300 _a1 videocasete
650 1 4 _aCaricatura
_xEnseñanza
_vVideocasetes
_2LEMB
650 1 4 _aHumorismo gráfico
_xEnseñanza
_vVideocasetes
_2LEMB
700 1 _aPansullo, Judy
_940723
942 _2ddc
_cVIDEOCASET
264 _aBogotá
_bCírculo de Lectores
_c2000
336 _atexto
_btxt
_2rdacontent
337 _asin mediación
_bn
_2rdamedia
338 _avolumen
_bnc
_2rdacarrier
040 _aCO-BoRNBP
_bspa
_erda
_cCO-BoRNBP
999 _c2101
_d2101